000 01657nam a22001577a 4500
999 _c519224
_d519224
008 220215b ||||| |||| 00| 0 eng d
100 _a Agarwal, Abha and Lata, Kusum
_932269
245 _aMainstreaming pandemic in urban planning: An overview
260 _aIndian Journal of Public Administration
300 _a67(3), Sep, 2021: p.413-424
520 _aCities, the main places where majority of the world population resides, are the centres of economic growth and innovation. Globally, the urban areas are facing public health emergency (Covid-19 pandemic), which has affected the economic and social lives of people and all the activities have come to a standstill. The issue of urban vulnerability has been brought up in context to pandemics and communities need to be prepared for it. The article focuses on the measures taken by the Indian government during the lockdown and about how successful were these measures in controlling the spread of the virus infection. The lacunae in the urban planning policies have been analysed with a focus on community participation in the decision-making to combat disasters. Examples of successful community participation in cities from India and abroad have been highlighted. Finally, policy initiatives have been identified by which the future epidemics can be handled in an organised manner, by making the urban planning process more citizen centric. – Reproduced
650 _aPandemic, Urban planning, community participation, URDPFI guidelines, Community-led ebola action, Local area plans
_929904
773 _aIndian Journal of Public Administration
906 _aURBAN PLANNING
942 _cAR